Textbook of Mechatronics (Record no. 332369)

MARC details
000 -LEADER
fixed length control field 00463nam a2200181Ia 4500
008 - FIXED-LENGTH DATA ELEMENTS--GENERAL INFORMATION
fixed length control field 230718s9999 xx 000 0 und d
020 ## - INTERNATIONAL STANDARD BOOK NUMBER
International Standard Book Number 9788121928595
041 ## - LANGUAGE CODE
Language code of text/sound track or separate title eng
082 ## - DEWEY DECIMAL CLASSIFICATION NUMBER
Classification number 621
Item number RAJ
100 ## - MAIN ENTRY--PERSONAL NAME
Personal name Rajput R.K.
9 (RLIN) 137180
245 ## - TITLE STATEMENT
Title Textbook of Mechatronics
250 ## - EDITION STATEMENT
Edition statement 3rd ed.
260 ## - PUBLICATION, DISTRIBUTION, ETC. (IMPRINT)
Date of publication, distribution, etc. 2012
Name of publisher, distributor, etc. S. Chand And Company
300 ## - PHYSICAL DESCRIPTION
Extent 754
365 ## - TRADE PRICE
Currency code Rs.
Price amount 350.00
700 ## - ADDED ENTRY--PERSONAL NAME
Personal name Rajput R.K.
9 (RLIN) 137180
906 ## - LOCAL DATA ELEMENT F, LDF (RLIN)
d O:0336910-May-2013B:61
c MECH
b 350
Holdings
Withdrawn status Lost status Damaged status Not for loan Home library Current library Date acquired Vendor Budget Code Cost, normal purchase price Bill number Total Checkouts Full call number Barcode Checked out Date last seen Date last checked out Discount Cost, replacement price Bill Date Koha item type Original Barcode
        Cummins College of Engineering for Women Pune Cummins College of Engineering for Women Pune 10/05/2013 Pradeep Book Distributors MECH 280.00 61 4 621 CCEP-BK-43576 10/06/2026 12/05/2026 12/05/2026 350 350.00 18/07/2023 Books 043576